| 000 | 00000nas 2200000zi 4500 |
| 001 | 9.946014 |
| 003 | CaOODSP |
| 005 | 20250108144758 |
| 006 | m o d f |
| 007 | cr cn||||||||| |
| 008 | 241210c20249999oncar p o f0###a0eng|d |
| 022 | |a2818-923X |
| 040 | |aCaOODSP|beng|erda|cCaOODSP |
| 043 | |an-cn--- |
| 086 | 1 |aFA1-38E-PDF |
| 110 | 1 |aCanada. |bOffice of the Auditor General, |eauthor, |eissuing body. |
| 222 | 0|aAnnual progress report on the OAG accessibility plan ... |
| 245 | 10|a... annual progress report on the OAG accessibility plan. |
| 246 | 3 |aAnnual progress report on the Office of the Auditor General Accessibility plan |
| 246 | 3 |aOffice of the Auditor General of Canada (OAG), ... annual progress report on the OAG Accessibility Plan |
| 264 | 1|aOttawa, Ontario : |bOffice of the Auditor General of Canada = Bureau du vérificateur général du Canada, |c[2024]- |
| 310 | |aAnnual |
| 336 | |atext|btxt|2rdacontent |
| 337 | |acomputer|bc|2rdamedia |
| 338 | |aonline resource|bcr|2rdacarrier |
| 362 | 1 |aBegan with: 2024. |
| 500 | |aIssued also in French under title: Rapport d'étape annuel de ... sur le Plan d'accessibilité ... du BVG. |
| 588 | |aDescription based on: 2024. |
| 588 | |a.Latest issue consulted: 2024. |
| 610 | 10|aCanada. |bOffice of the Auditor General|vPeriodicals. |
| 650 | 0|aBarrier-free design|zCanada|xPlanning|vPeriodicals. |
| 650 | 0|aPeople with disabilities|xGovernment policy|zCanada|vPeriodicals. |
| 655 | 7|aPeriodicals|2lcgft |
| 775 | 08|tRapport d'étape annuel de ... sur le Plan d'accessibilité ... du BVG.|w(CaOODSP)9.946016 |